<?xml version="1.0" encoding="UTF-8"?>
<record
    xmlns:xsi="http://www.w3.org/2001/XMLSchema-instance"
    xsi:schemaLocation="http://www.loc.gov/MARC21/slim http://www.loc.gov/standards/marcxml/schema/MARC21slim.xsd"
    xmlns="http://www.loc.gov/MARC21/slim">

  <leader>00835nam a22001457a 4500</leader>
  <controlfield tag="008">150311b        xxu||||| |||| 00| 0 eng d</controlfield>
  <datafield tag="082" ind1=" " ind2=" ">
    <subfield code="a">327.728.604.92</subfield>
    <subfield code="b">C 837c</subfield>
  </datafield>
  <datafield tag="100" ind1=" " ind2=" ">
    <subfield code="a">Zwan, Bert van der</subfield>
    <subfield code="9">2175</subfield>
  </datafield>
  <datafield tag="245" ind1=" " ind2=" ">
    <subfield code="a">Costa Rica - Los pa&#xED;ses bajos 150 a&#xF1;os de relaciones diplom&#xE1;ticas </subfield>
    <subfield code="b">Costa Rica - Nederland 150 jaar diplomatieke betrekkingen</subfield>
  </datafield>
  <datafield tag="260" ind1=" " ind2=" ">
    <subfield code="a">San Jos&#xE9;, Costa Rica</subfield>
    <subfield code="b">Embajada de los Pa&#xED;ses Bajos. Instituto del Servicio Exterior Manuel Mar&#xED;a Peralta</subfield>
    <subfield code="c">2002</subfield>
  </datafield>
  <datafield tag="300" ind1=" " ind2=" ">
    <subfield code="a">76 p.</subfield>
    <subfield code="b">21 l&#xE1;minas; ilustraciones, retrs color</subfield>
    <subfield code="c">29 cm</subfield>
  </datafield>
  <datafield tag="500" ind1=" " ind2=" ">
    <subfield code="a">P&#xE1;ginas opuestas con numeraci&#xF3;n repetida--(Contiene 20 p&#xE1;ginas y 1 hoja de l&#xE1;minas)--Texto en espa&#xF1;ol y holand&#xE9;s</subfield>
  </datafield>
  <datafield tag="650" ind1=" " ind2=" ">
    <subfield code="x">Costa Rica</subfield>
    <subfield code="x">Relaciones exteriores </subfield>
    <subfield code="x">Pa&#xED;ses bajos</subfield>
    <subfield code="x">Diplomacia</subfield>
    <subfield code="x">Historia</subfield>
    <subfield code="x">Holanda</subfield>
    <subfield code="x">Relaciones Internacionales</subfield>
    <subfield code="9">2176</subfield>
  </datafield>
  <datafield tag="700" ind1=" " ind2=" ">
    <subfield code="a">Bert van der Zwan</subfield>
    <subfield code="9">2177</subfield>
  </datafield>
  <datafield tag="999" ind1=" " ind2=" ">
    <subfield code="c">453</subfield>
    <subfield code="d">453</subfield>
  </datafield>
  <datafield tag="952" ind1=" " ind2=" ">
    <subfield code="0">0</subfield>
    <subfield code="1">0</subfield>
    <subfield code="2">ddc</subfield>
    <subfield code="4">0</subfield>
    <subfield code="7">0</subfield>
    <subfield code="a">LV</subfield>
    <subfield code="b">LV</subfield>
    <subfield code="c">Pensamiento</subfield>
    <subfield code="d">2015-03-11</subfield>
    <subfield code="l">0</subfield>
    <subfield code="o">327.728.604.92 C 837c</subfield>
    <subfield code="p">000515</subfield>
    <subfield code="r">2015-03-11 00:00:00</subfield>
    <subfield code="w">2015-03-11</subfield>
    <subfield code="y">01</subfield>
  </datafield>
</record>
